000 00944nam a2200289 a 4500
001 72834
003 BD-RjUL
005 20211209082320.0
008 170524s1960 nyua 001 0 eng d
035 _a(BD-RjUL)73052
040 _aDLC/ICU
_cICU
_dDLC
_beng
041 _aeng
082 0 0 _a539.7
_223
_bJAB 1960
100 1 _aJacobs, Alan M.,
_d1932-
_9215421
245 1 0 _aBasic principles of nuclear science and reactors
_c[by] Alan M. Jacobs, Donald E. Kline [and] Forrest J. Remick.
260 _aPrinceton, N.J. :
_bVan Nostrand,
_c1960
300 _a262 p. :
_bill. ;
_c24 cm.
500 _aIncludes index
650 0 _aNuclear physics.
_9215423
650 0 _aNuclear reactors.
_9215424
700 _a Kline, Donald E.
_9215425
700 _a Remick, Forrest J.
_9215426
830 _aVan Nostrand nuclear science series
_9215427
942 _2ddc
_cBK
999 _c72834
_d72834